NEAR-FAR DISTINCTION IN THE ARABIC DEMONSTRATION

Podrobná bibliografia
Hlavný autor: Drozdík, Ladislav, 1930-2017 (Autor)
Médium: Článok
Jazyk:angličtina

MARC

LEADER 00000nab a2200000ua 4500
001 vtls010839144
003 SK-MaSNL
005 20260303144200.0
008 230222s1971 xo |||||||||||||||||eng|
035 |a (urnnbn)urn:nbn:sk:snk:ar-a06wf5 
035 |a urn:nbn:sk:snk-ab628c 
035 |a (uuid)d404e2b0-002d-4e56-99df-690baea45dfd 
040 |a SNKBUCL  |b slo  |c SNKBUCL  |e AACR2 
041 0 |a eng 
044 |a xo  |c SK 
100 1 |a Drozdík, Ladislav,  |d 1930-2017  |4 aut  |9 224887 
245 1 0 |a NEAR-FAR DISTINCTION IN THE ARABIC DEMONSTRATION  |c Drozdík Ladislav 
773 0 |t Asian and African studies  |g Roč. 7, č. 1 (1971), s. 11-15 
958 |a OND 
958 |a EUIPO 
958 |a article5 
999 |c 1995224  |d 1997154